Skip to main content
Your cart is empty.
Your lists
Log in to create your own lists
Your cookies
العربية
English
العربية
Home
Search
Advanced search
Authority search
About
The noble scholar, jurist, historian
His Excellency Dr. Abdul Wahhab bin Ibrahim Abu Sulaiman, may Allah have mercy on him.
He was born in Umm Al-Qura in the year 1356 AH.
Library catalog
Title
Author
Subject
ISBN
ISSN
Series
Call number
Log in to your account
×
Login:
Password:
Home
MARC view: شهر زور السليمانية :
Normal view
MARC view
ISBD view
شهر زور السليمانية : (Record no. 14812)
[
view plain
]
MARC details
000 -LEADER
fixed length control field
01606cam a22003131i 4500
003 - CONTROL NUMBER IDENTIFIER
control field
SA-RiAUC
005 - DATE AND TIME OF LATEST TRANSACTION
control field
20260419122659.0
008 - FIXED-LENGTH DATA ELEMENTS--GENERAL INFORMATION
fixed length control field
260416s2000 iq o g 000 0 ara c
040 ## - CATALOGING SOURCE
Original cataloging agency
SA-JeALM
Language of cataloging
ara
Transcribing agency
SA-RiAUC
Description conventions
rda
043 ## - GEOGRAPHIC AREA CODE
Geographic area code
a-iq---
082 04 - DEWEY DECIMAL CLASSIFICATION NUMBER
Classification number
956.713
Assigning agency
SA-RiAUC
090 ## - LOCALLY ASSIGNED LC-TYPE CALL NUMBER (OCLC); LOCAL CALL NUMBER (RLIN)
Classification number (OCLC) (R) ; Classification number, CALL (RLIN) (NR)
956.713
Local cutter number (OCLC) ; Book number/undivided call number, CALL (RLIN)
ع ز ا
100 1# - MAIN ENTRY--PERSONAL NAME
Personal name
العزاوي، عباس،
Dates associated with a name
1890-1971
Relator term
مؤلف.
245 10 - TITLE STATEMENT
Title
شهر زور السليمانية :
Remainder of title
(اللواء والمدينة) /
Statement of responsibility, etc.
للمحامي عباس العزاوي ؛ راجعه وعلق عليه وقدم له محمد علي القره داغي.
250 ## - EDITION STATEMENT
Edition statement
الطبعة الأولى.
264 #1 - PRODUCTION, PUBLICATION, DISTRIBUTION, MANUFACTURE, AND COPYRIGHT NOTICE
Place of production, publication, distribution, manufacture
بغداد :
Name of producer, publisher, distributor, manufacturer
السالمي للطباعة الفنية الحديثة،
Date of production, publication, distribution, manufacture, or copyright notice
2000
300 ## - PHYSICAL DESCRIPTION
Extent
331 صفحة :
Other physical details
صور ؛
Dimensions
24 سم
336 ## - CONTENT TYPE
Content type term
نص
Content type code
txt
Source
rdacontent
Materials specified
كتاب
337 ## - MEDIA TYPE
Media type term
بدون وسيط
Media type code
n
Source
rdamedia
500 ## - GENERAL NOTE
General note
إهداء من المؤلف عباس العزاوي الى الشيخ رحمه الله بتاريخ 1433/5/4 هـ
520 0# - SUMMARY, ETC.
Summary, etc.
يبحث في اللواء وتاريخه ومدنه وعشائره وسائر أحواله الثقافية وغيرها.
651 #7 - SUBJECT ADDED ENTRY--GEOGRAPHIC NAME
Geographic name
السليمانية (العراق)
General subdivision
تاريخ
Source of heading or term
aucsh
651 #7 - SUBJECT ADDED ENTRY--GEOGRAPHIC NAME
Geographic name
السليمانية (العراق)
General subdivision
أحوال اجتماعية
--
تاريخ
Source of heading or term
aucsh
651 #7 - SUBJECT ADDED ENTRY--GEOGRAPHIC NAME
Geographic name
السليمانية (العراق)
General subdivision
حياة فكرية
--
تاريخ
Source of heading or term
aucsh
651 #7 - SUBJECT ADDED ENTRY--GEOGRAPHIC NAME
Geographic name
السليمانية (العراق)
General subdivision
آثار
Source of heading or term
aucsh
700 1# - ADDED ENTRY--PERSONAL NAME
Personal name
القره داغي، محمد علي
Relator term
مراجع.
942 ## - ADDED ENTRY ELEMENTS (KOHA)
Source of classification or shelving scheme
Dewey Decimal Classification
Koha item type
Books
Suppress in OPAC
No
949 ## - LOCAL PROCESSING INFORMATION (OCLC)
a
SA-JeALM
d
260416
u
osman123
n
1
Holdings
Withdrawn status
Lost status
Source of classification or shelving scheme
Damaged status
Not for loan
Collection
Home library
Current library
Date acquired
Total checkouts
Full call number
Barcode
Date last seen
Price effective from
Koha item type
Dewey Decimal Classification
اهداء
DR AbdElwahab Library
DR AbdElwahab Library
04/19/2026
956.713 ع ز ا
000023406
04/19/2026
04/19/2026
Books
Place hold
Print
Add to your cart
(remove)
Save record
BIBTEX
Dublin Core
MARCXML
MARC (non-Unicode/MARC-8)
MARC (Unicode/UTF-8)
MARC (Unicode/UTF-8, Standard)
MODS (XML)
RIS
ISBD
More searches
Search for this title in:
Other Libraries (WorldCat)
Other Databases (Google Scholar)
Online Stores (Bookfinder.com)
Open Library (openlibrary.org)
Exporting to Dublin Core...
×
Simple DC-RDF
OAI-DC
SRW-DC